Sporclin' Through the '80s III Quiz Stats

 Plays Quiz Updated Dec 28, 2017

Challenge
Share
Tweet
Score 0/36 Timer 06:00
8 Plays Today
Hint Answer % Correct
The Blues Brothers
92%
 
▼    Movies    ▼
 
The Shining
90.2%
Ozzy Osbourne
86.4%
The Breakfast Club
84.7%
Mel Gibson
83.7%
Inspector Gadget
82.8%
RoboCop
81.6%
Amadeus
79.2%
Phil Collins
77.4%
Tetris
73.2%
 
▼    Sports    ▼
 
Magic Johnson
72.1%
Indiana Jones and the Last Crusade
67.6%
Atari 2600
67.2%
Who's the Boss?
61.4%
Eurythmics
60.7%
MacGyver
56.6%
Dan Marino
55.6%
 
▼    Television    ▼
 
Quantum Leap
55%
Hint Answer % Correct
N.W.A
54.6%
Pound Puppies
51.7%
Teddy Ruxpin
48.9%
Growing Pains
47.3%
Q*bert
45.3%
Lawrence Taylor
45%
Jackie Joyner-Kersee
40.7%
Duran Duran
40.6%
What's Happening Now!!
40.5%
Rickey Henderson
38.6%
 
▼    Music    ▼
 
Bonnie Tyler
38.5%
 
▼    Gaming    ▼
 
Rainbow Brite
36.3%
Dr. Seuss
35.8%
Sandra Day O'Connor
34.9%
Jürgen Klinsmann
18.2%
Helmut Kohl
15.8%
 
▼    History    ▼
 
Hosni Mubarak
8.6%
Juan Carlos I of Spain
5%

You're not logged in!

Compare scores with friends on all Sporcle quizzes.
OR
Log In

You Might Also Like...

Show Comments

Extras

Top Quizzes Today


Score Distribution

Your Account Isn't Verified!

In order to create a playlist on Sporcle, you need to verify the email address you used during registration. Go to your Sporcle Settings to finish the process.

Report this User

Report this user for behavior that violates our Community Guidelines.

Details: